[Event "CZE-chT2E 2223"]
[Site "Czech Republic"]
[Date "2023.03.26"]
[Round "11.7"]
[White "Mayer, Josef"]
[Black "Bucek, Miroslav"]
[Result "1/2-1/2"]
[WhiteElo "1891"]
[BlackElo "1545"]
[PlyCount "112"]
[EventDate "2022.10.16"]
[EventType "team-tourn"]
[EventRounds "11"]
[EventCountry "CZE"]
[SourceTitle "EXT 2024"]
[Source "ChessBase"]
[SourceDate "2023.10.10"]
[SourceVersion "1"]
[SourceVersionDate "2023.10.10"]
[SourceQuality "1"]
[WhiteTeam "Prusanky Podluzan"]
[BlackTeam "Orechov Orel"]
[WhiteTeamCountry "CZE"]
[BlackTeamCountry "CZE"]

1. c4 e5 2. Nc3 Nf6 3. Nf3 Nc6 4. g3 d5 5. cxd5 Nxd5 6. Bg2 Nb6 7. 0-0 Be7 8. d3 0-0 9. a3 Be6 10. Be3 Nd5 11. Nxd5 Bxd5 12. Qa4 Re8 13. Rac1 a6 14. Nd2 Bxg2 15. Kxg2 Nd4 16. Bxd4 exd4 17. Nf3 Bf6 18. Rfe1 Re7 19. Qc4 c6 20. Rc2 Qd7 21. Nd2 Rd8 22. Ne4 Be5 23. Nc5 Qd5+ 24. Qxd5 Rxd5 25. e4 Rd8 26. f4 Bb8 27. b4 Ba7 28. a4 Bxc5 29. Rxc5 f6 30. Kf3 Kf7 31. h4 g6 32. g4 h6 33. Re2 Re6 34. a5 Rb8 35. Rec2 Rd8 36. R2c4 Re7 37. h5 g5 38. fxg5 fxg5 39. Rf5+ Kg7 40. e5 Rf7 41. Rxf7+ Kxf7 42. Ke4 Ke7 43. Rxd4 Rf8 44. Ke3 Ke6 45. Rd6+ Kxe5 46. Rxh6 Rf4 47. d4+ Kd5 48. Rh7 Rxg4 49. Rxb7 Rh4 50. Rb6 Rxh5 51. Rxa6 Rh3+ 52. Kf2 Rb3 53. Rb6 Kxd4 54. Rxc6 Rxb4 55. a6 Ra4 56. Rg6 Ke4 1/2-1/2

[Event "CZE-chT2E 2122"]
[Site "Czech Republic"]
[Date "2022.03.20"]
[Round "10.8"]
[White "Bucek, Miroslav"]
[Black "Mazoch, Jiri"]
[Result "0-1"]
[WhiteElo "1444"]
[BlackElo "1946"]
[PlyCount "89"]
[EventDate "2021.10.17"]
[EventType "team-tourn"]
[EventRounds "11"]
[EventCountry "CZE"]
[SourceTitle "EXT 2024"]
[Source "ChessBase"]
[SourceDate "2023.10.10"]
[SourceVersion "1"]
[SourceVersionDate "2023.10.10"]
[SourceQuality "1"]
[WhiteTeam "Orechov Orel"]
[BlackTeam "Kromeriz Slavia II"]
[WhiteTeamCountry "CZE"]
[BlackTeamCountry "CZE"]

1. e4 c5 2. Nf3 d6 3. d4 cxd4 4. Nxd4 Nf6 5. Nc3 a6 6. h3 e5 7. Nde2 Be7 8. g4 h6 9. Bg2 Nbd7 10. Be3 b5 11. Ng3 g6 12. Qd2 Bf8 13. Nd5 Nxd5 14. Qxd5 Rb8 15. 0-0-0 Bb7 16. Qd3 Qc7 17. f4 exf4 18. Bxf4 Ne5 19. Bxe5 dxe5 20. Rhf1 Be7 21. Qb3 0-0 22. Rd3 Rfd8 23. Rfd1 Rxd3 24. Rxd3 Rd8 25. Rxd8+ Qxd8 26. Qd3 Qb6 27. Qe2 Bg5+ 28. Kb1 b4 29. b3 Bc6 30. Bf1 Bb5 31. Qf3 Bxf1 32. Nxf1 Qd4 33. Qd3 Qf2 34. Qd1 a5 35. Kb2 Kg7 36. a3 Bf4 37. axb4 axb4 38. Kb1 Qd4 39. Qd3 Kf6 40. Qxd4 exd4 41. c3 dxc3 42. Kc2 Ke5 43. Kd3 f6 44. Ne3 Bxe3 45. Kxe3 0-1

[Event "CZE-ch Betsys Online Blitz"]
[Site "Chess.com INT"]
[Date "2021.04.17"]
[Round "6"]
[White "Novacek, Pavel1111"]
[Black "Bucek, Miroslav"]
[Result "1-0"]
[WhiteElo "1981"]
[BlackElo "1422"]
[PlyCount "131"]
[EventDate "2021.04.17"]
[EventType "swiss (blitz)"]
[EventRounds "13"]
[EventCountry "CZE"]
[SourceTitle "CBM 201 Extra"]
[Source "ChessBase"]
[SourceDate "2021.05.31"]
[SourceVersion "1"]
[SourceVersionDate "2021.05.31"]
[SourceQuality "1"]

1. e4 e5 2. Nf3 Nc6 3. Bb5 a6 4. Ba4 Nf6 5. d4 exd4 6. 0-0 Be7 7. Re1 0-0 8. e5 Nd5 9. Bb3 Nb6 10. Nxd4 Nxd4 11. Qxd4 d6 12. exd6 Bxd6 13. Bf4 Bxf4 14. Qxf4 Qd7 15. Nc3 Qc6 16. Rad1 Be6 17. Bxe6 fxe6 18. Qe5 Rae8 19. Qe4 Qc5 20. Re2 c6 21. Rde1 Nd5 22. Nxd5 cxd5 23. Qe3 Qxe3 24. Rxe3 Rf6 25. Re5 Ref8 26. f3 Kf7 27. Rd1 Rd8 28. c3 b5 29. a3 g6 30. Rd4 Rf5 31. Re2 e5 32. Rd1 Ke6 33. Ra1 g5 34. a4 d4 35. cxd4 Rxd4 36. axb5 axb5 37. Ra6+ Rd6 38. Ra7 h5 39. Rb7 Rd5 40. Rb6+ Kd7 41. h3 Kc7 42. Rh6 h4 43. Rc2+ Kb7 44. Rcc6 Rd1+ 45. Kh2 Rf7 46. Rb6+ Ka7 47. Rxb5 Rb7 48. Rxb7+ Kxb7 49. Rg6 Rd2 50. Rxg5 Rxb2 51. Rxe5 Kc6 52. Re4 Kd5 53. Rxh4 Ke5 54. Rh5+ Kf4 55. Rh4+ Ke3 56. Rg4 Rf2 57. h4 Ke2 58. h5 Kf1 59. h6 Re2 60. h7 Re8 61. Rh4 Rh8 62. g4 Kf2 63. g5 Kxf3 64. g6 Re8 65. g7 Re2+ 66. Kh3 1-0

[Event "Skalica Rapid op"]
[Site "Skalica"]
[Date "2020.08.29"]
[Round "3"]
[White "Panko, Radoslav"]
[Black "Bucek, Miroslav"]
[Result "1-0"]
[WhiteElo "1913"]
[BlackElo "1000"]
[PlyCount "37"]
[EventDate "2020.08.29"]
[EventType "swiss (rapid)"]
[EventRounds "7"]
[EventCountry "SVK"]
[SourceTitle "CBM 198 Extra"]
[Source "ChessBase"]
[SourceDate "2020.11.30"]
[SourceVersion "1"]
[SourceVersionDate "2020.11.30"]
[SourceQuality "1"]

1. e4 e5 2. f4 exf4 3. Nf3 Ne7 4. d4 d5 5. e5 Ng6 6. Bd3 c5 7. c3 Nc6 8. Bxg6 hxg6 9. Bxf4 Bg4 10. Nbd2 cxd4 11. cxd4 Nxd4 12. Qa4+ Nc6 13. Rc1 Qd7 14. 0-0 Be7 15. h3 Be6 16. Qd1 Rc8 17. Qe1 Bxh3 18. gxh3 Qxh3 19. Qg3 1-0